| 000 | 01817nam a2200349 a 4500 | ||
|---|---|---|---|
| 650 | 7 |
_aИзкуство - история _2 _9156375 |
|
| 999 |
_c93071 _d93071 |
||
| 003 | BLK | ||
| 005 | 20240618005245.0 | ||
| 008 | 180408b bul|||||r ||||||| ||bul|| | ||
| 010 | _aKNG00097860000 | ||
| 040 | _aBLK | ||
| 041 |
_aBUL _cBUL |
||
| 080 |
_aИстория на изкуството (периоди и фази). Художествени стилове и влияния _b7.03 _z7.03 |
||
| 100 | 1 |
_aАлпатов, Михаил Владимирович _eпърви автор _930900 |
|
| 139 |
_aАлпатов, Михаил Владимирович _bА 57 |
||
| 245 | 1 | 0 |
_aИстория на изкуството _bТ. 1 - _cМихаил Владимирович Алпатов; прев. на том Анастасия Беливанова. _nТ. 2 _pИзкуството на средновековието |
| 257 | _aRUS | ||
| 260 |
_aСофия _bБълг. художник _c1974 - |
||
| 300 | _c23 см | ||
| 380 | _a7 | ||
| 500 | _aОриг. загл. Всеобщая история искусств. | ||
| 653 | _aистория на изкуството | ||
| 653 | _aСредновековие | ||
| 700 | 1 |
_aБеливанова, Анастасия _eпрев. на том _9373815 |
|
| 760 | 1 |
_aАлпатов, Михаил Владимирович _dСофия, 1975 _h256 с. с ил. ; 56 л. ил. _nБиблиогр. с. 223-238 ; Именен, предм. и геогр. показалци _tТ. 2 Изкуството на средновековието |
|
| 852 |
_aЦб 74538 _bЦб |
||
| 856 | 4 | _qpdf | |
| 856 | 4 | _qpdf | |
| 942 |
_cKNG _n0 _02 _s1 |
||
| 944 |
_aCR _c08.11.2010 _lCRON CRON _k |
||
| 944 |
_aED _c27.07.2015 _lдобави в АБ / 05.11.2010 _kИрена_Линкова |
||